000 00677nas a2200241 4500
001 BR8602395
003 BR-BrBNA
005 20231205090450.0
007 ta
008 230509b bl.|||p| |||| 00| 00por d
040 _aBR-BrBNA
_bpor
_cBiblioteca Nacional de Agricultura
041 _a(Pt)
072 _aL02
100 1 _aMatos, L.L. de
245 1 _aSaiba como aproveitar o excesso de colostro
650 _aNUTRICAO ANIMAL
650 _aCOLOSTRO
650 _aGANHO DE PESO
650 _aBEZERRO
773 0 _tBalde Branco (Brazil)
_xISSN 0005-4275
_g(May 1986), v. 21(259) p. 29-30
_wBR8602395
909 _a202311
_bLúcia
_c55
_dLúcia Elande
942 _2AGRIS
_n0
_cANA
999 _c118626
_d118626